00848nam a2200277Ia 4500003000900000005001700009008004100026020001800067040003400085082001200119245004800131250001000179260003000189300003300219490002500252500002400277546001400301653002700315653002900342700002700371710002800398929005000426942001100476999001300487952007000500AR-BeUNQ20240418142546.0221202s20162022xx 000 0 und d a9789501311389 aAR-BeUNQbspaeaacrcAR-BeUNQ 221a910 0aGeografía del Mundo : Contextos digitales a1a.ed aCABA : bKapelucz, c2016 a304 p, :bil. ; c28 x 21 cm aCon textos digitales aGeografía Mundial aEspañol aEducación Secundaria aGeografía- Enseñanza aDalterio, Laura, coaut aDi Vicenzo, Diego,direc bFihman, Daniele2022aDONACIONd0fPAT0081648 cLIBn0 c720d720 0010d2022-12-02l0o910= 372p60246r2022-12-02w2022-12-02yLIB